00743nam a2200217 a 450000100060000000300080000600500170001400800410003103500210007204000270009304100080012008200240012824501070015226000470025930000310030650400390033765000400037665000350041670000440045170000300049565905BD-RjUL20211209081500.0170313s1968 enk b 101 0 eng d a(BD-RjUL) 66035 aDLCcDLCdBD-RjULbeng aeng00a579.3223bECO 196804aThe Ecology of soil bacteria:ban international symposium /cedited by T. R. G. Gray and D. Parkinson. aLiverpool : bLiverpool Univ. Pr.,cc1968. axv, 681 p.bill. ;c25 cm. aIncludes Index & bibliographies. 0aSoil microbial ecologyvCongresses. 0aBacteriaxEcologyvCongresses.1 aGray, T. R. G.q(Timothy R. G.),d1937-1 aParkinson, Donald,d1891-